| 000 | 00773nam a2200277Ia 4500 | ||
|---|---|---|---|
| 008 | 160216s9999 xx 000 0 und d | ||
| 020 | _a978-1-4129-1062-0 | ||
| 050 | _aMAIN H62 | ||
| 050 | _b.W35 2006 | ||
| 100 | _aWalliman, Nicholas | ||
| 245 | _aSocial research methods / | ||
| 245 | _cNicholas Wallimas. | ||
| 260 | _aLondon : | ||
| 260 | _bSAGE Pub., Ltd. | ||
| 260 | _c2006 | ||
| 300 | _a224 pages : | ||
| 300 | _bill. ; | ||
| 300 | _c24 cm. | ||
| 500 | _aIncludes bibliographical references and index. | ||
| 650 | _aSocial sciences -- | ||
| 650 | _aSocial sciences -- | ||
| 650 | _aSocial sciences -- | ||
| 650 | _xMethodology -- Study and teaching. | ||
| 650 | _xResearch -- Methodology. | ||
| 650 | _xResearch -- Study and teaching. | ||
| 999 |
_c290851 _d290851 |
||